000
00300nam a22001337a 4500
008
171014b xxu||||| |||| 00| 0 eng d
020
_a
9780881321326
041
_a
eng
080
_a
33
100
_a
52
101
_a
MAK
245
_a
THE ECONOMICS OF GLOBAL WARMING
_c
CLINE, W.R
942
_2
udc
_c
BK
999
_c
33886
_d
33886